Statistics for Word Chain - Cities in the UK

Click here to take the quiz!

General Stats

  • This quiz has been taken 83 times
  • The average score is 13 of 20

Answer Stats

HintAnswer% Correct
Capital city of the UKLondon
99%
Home of the BeatlesLiverpool
96%
Scottish city that was listed as the best city in the world in 2022Edinburgh
93%
The birthplace of the industrial revolutionManchester
93%
A Robin Hood statue is situated hereNottingham
89%
Most populous city in the UK that is not in EnglandGlasgow
88%
Home to the battle in 1066 which established the Norman rule of EnglandHastings
80%
This city is the most populous upon the River TyneNewcastle
77%
England's most populous walled cityYork
75%
The most populous city in southwest EnglandBristol
72%
This is the fifth largest city in England as well as having the world's oldest football clubSheffield
69%
This Scottish city is home to the 'invention' of marmaladeDundee
65%
This city takes its name from the River Rother which flows through itRotherham
65%
The largest city upon the River HullKingston (upon Hull)
59%
This cities cathedral is one of the largest gothic structures in EuropeExeter
45%
The home to the world-famous Silverstone circuit track which hosts the British Grand PrixNorthampton
33%
"The Hornets" is the nickname of this cities football team, despite having a moose on its badgeWatford
31%
This cities industrial past has earned its residents the nickname of "smoggies"Middlesbrough
29%
The largest town in England (it has not yet been granted city status)Reading
29%
The site of the first water-powered silk mill in BritainDerby
28%

Score Distribution

Percentile by Number Answered

Percent of People with Each Score

Your Score History

You have not taken this quiz